000
00308nam a2200121Ia 4500
005
20251222152004.0
008
251222s9999||||xx |||||||||||||| ||spa||
020
_a
978-603-4034-14-3
082
_a
631.86/R61
100
_a
"Rimache Artica, Mijail"
245
0
_a
Abonos orgánicos: Lombricultura
942
_c
LIB
999
_c
24669
_d
24669